| 000 | 00617nam a2200145Ia 4500 | ||
|---|---|---|---|
| 008 | 170221s9999 xx 000 0 und d | ||
| 100 | _aGuldana Sarsenbaykyzy Shaumen | ||
| 245 | _aMotives for Choosing the Profession of a Social Care Teacher in the Universities of Kazakhstan | ||
| 245 | _cGuldana Sarsenbaykyzy Shaumen, Kulbarshyn Meterbayevna Meterbayeva, Azamat Ametbekovich Baitasov, Gulnar Eletaevna Utyupova | ||
| 260 | _bInternational Review of Management and Marketing | ||
| 260 | _c2016 | ||
| 300 | _a6 : 3S | ||
| 650 | _xMarketing. | ||
| 856 | _uhttp://www.econjournals.com/index.php/irmm/issue/view/75 | ||
| 999 |
_c308388 _d308388 |
||